000 00582nam a22001937a 4500
003 OSt
005 20240702155634.0
008 240702b |||||||| |||| 00| 0 eng d
020 _a0070889775
040 _aDDC
_cMUST
082 _a339 FRI 2003
_b20
100 _aFrank H. Frank... (et al)
_918396
245 _aPrinciples of Macro Economics/
_bFrank H. Frank... (et al)
260 _aNY:
_bMcGraw-Hill;
_c2003.
300 _axxiii,513p.:
_bill, (some col);
_c27.6cm.
504 _aIncludes Bibliographical Glossary and Indexes
650 _aEconomics
_9975
942 _2ddc
_cO_SHELF
999 _c9040
_d9040